Culture générale #1 - Statistiques

Statistiques générales
  • Ce quiz a été pris 82 fois
  • Le résultat moyen est 20 sur 50
Statistiques - réponses
Question Réponse % Correct
Quel phénomène se traduit par une perte de valeur de la monnaie et une augmentation générale et durable des prix ? Inflation
82%
Sous quel nom est plus connu Michel Colucci ? Coluche
79%
De quel pays Pyongyang est-elle la capitale ? Corée du Nord
78%
Quel chef gaulois est vaincu en 52 av. J-C par Jules César à Alésia ? Vercingétorix
78%
De quel groupe Freddie Mercury était-il le chanteur ? Queen
74%
Qui est l'auteur des aventures de Tintin ? Hergé
73%
Quelle figure emblématique de la lutte contre la ségrégation raciale aux États-Unis refusa de céder sa place à un passager blanc à bord d'un bus le 1er décembre 1955 ? Rosa Parks
73%
Qui est le fondateur et PDG d'Amazon ? Jeff Bezos
67%
Qui a composé Les Quatre Saisons ? Antonio Vivaldi
59%
Comment appelle-t-on la demi-droite qui coupe un angle en deux angles égaux ? Bissectrice
59%
Dans quel film Vivien Leigh joue-t-elle le rôle de Scarlett O'Hara ? Autant en emporte le vent
58%
Quel dieu grec est assimilé au dieu romain Vulcain ? Héphaïstos
58%
La bière est principalement produite à partir de l'orge et du... Houblon
56%
Quel recueil de textes juridiques traite des contraventions, des délits et des crimes ? Code pénal
52%
Quel parti politique Emmanuel Macron a-t-il fondé ? La République en marche
52%
Quelle est la préfecture de la Moselle ? Metz
52%
Quel pharaon, mort à environ 18 ans, est le fils d'Akhenaton ? Toutankhamon
52%
Quel roi de France était surnommé le "Vert Galant" ? Henri IV
51%
Quel composé chimique anti-douleur le Doliprane contient-il ? Paracétamol
51%
Quel youtubeur français a actuellement le plus grand nombre d'abonnés ? Squeezie
51%
À quelle date fête-t-on l'Assomption ? 15 août
48%
Dans quel conte philosophique de Voltaire retrouve-t-on les personnages de Cunégonde et Pangloss ? Candide
48%
De quel maison de haute couture Karl Lagerfeld est-il directeur artistique à la fin de sa vie ? Chanel
48%
Qui co-détient, avec Rafael Nadal, le record masculin de 20 victoires dans les tournois du Grand Chelem ? Roger Federer
48%
Quel biome, aussi appelé forêt boréale, est constitué de vastes étendues forestières entrecoupées de lacs, sous un climat subarctique ? Taïga
48%
Quel carte permet, en payant un forfait, de se déplacer de manière illimitée à travers l'ensemble du réseau de transports en commun d'Île-de-France ? Navigo
45%
Dans quel pays a eu lieu pour la première fois la Coupe du monde de football ? Uruguay
45%
Quelle race de chiens à poils longs est souvent confondue avec le labrador ? Golden retriever
44%
Quelle est la capitale de l'État de Californie ? Sacramento
42%
Qui était le chef de la SS et de la Gestapo ? Heinrich Himmler
40%
Dans quel jeu vidéo, sorti en 1981 sur arcade, est apparu pour la première fois le personnage de Mario ? Donkey Kong
32%
Comment appelle-t-on un écosystème de marais maritimes comportant de nombreux végétaux spécifiques, présent dans les régions tropicales ? Mangrove
27%
À quel âge Valéry Giscard d'Estaing est-il mort ? 94 ans
26%
À quel philosophe français doit-on le courant existentialiste ? Jean-Paul Sartre
26%
Comment s'appelle le principal mouvement terroriste salafiste sévissant en Afrique de l'Ouest ? Boko Haram
23%
Quel musée de cire est l'équivalent à Londres du musée Grévin à Paris ? Madame Tussauds
21%
Quel est l'organe exécutif de l'Union européenne ? Commission européenne
18%
À qui Anne-Sophie Lapix a-t-elle succédé en tant que présentatrice du JT de 20h sur France 2 ? David Pujadas
18%
Qui succède à Jean-Pierre Raffarin en tant que Premier ministre, sous la présidence de Jacques Chirac ? Dominique de Villepin
16%
Qui a été le 3e président des États-Unis, entre 1801 et 1809 ? Thomas Jefferson
16%
Quel phénomène paranormal se caractérise par des bruits, déplacements, apparitions ou disparitions d'objets inexplicables ? Poltergeist
14%
Quelle période géologique est précédée du Silurien, et suivie du Carbonifère ? Dévonien
12%
Quel est le nom du petit champignon comestible, de couleur sombre, de forme irrégulière et vivant au ras du sol ? Trompette de la mort
12%
En quelle année est lancée la première croisade ? 1095
11%
Quelle fête musulmane marque la rupture du jeûne du mois de ramadan ? Aïd el-Fitr
8%
Qui a succédé à Luis Inácio Lula da Silva à la présidence de la République du Brésil en 2011 ? Dilma Rousseff
8%
Quel est le nom des grandes figures tracées sur le sol par une civilisation antique, visibles uniquement depuis le ciel dans le désert au Sud du Pérou ? Géoglyphes de Nazca
8%
Par quels animaux est effrayée une personne atteinte d'ophidiophobie ? Serpents
8%
Quelle propriété physique est égale au quotient de la tension électrique par l'intensité du courant ? Résistance électrique
7%
Quel plat, à base de viande de porc et de haricots, est très populaire au Brésil et au Portugal ? Feijoada
4%
Aucun quiz correspondant
Distribution des résultats
% des personnes avec chaque résultat
Percentile par nombre de réponses
Votre historique - résultats
Vous n’avez pas pris ce quiz